header

Conceptual physical science-- explorations / (Record no. 250587)

MARC details
000 -LEADER
fixed length control field 01289cam a22003374a 4500
001 - CONTROL NUMBER
control field 14092389
003 - CONTROL NUMBER IDENTIFIER
control field OSt
005 - DATE AND TIME OF LATEST TRANSACTION
control field 20151014100429.0
008 - FIXED-LENGTH DATA ELEMENTS--GENERAL INFORMATION
fixed length control field 050830s2007 caua b 001 0 eng
010 ## - LIBRARY OF CONGRESS CONTROL NUMBER
LC control number 2005025400
020 ## - INTERNATIONAL STANDARD BOOK NUMBER
International Standard Book Number 0131985388 (alk. paper)
International Standard Book Number 0131985396 (teacher's ed. : alk. paper)
International Standard Book Number 013173461X (CDROM)
040 ## - CATALOGING SOURCE
Original cataloging agency DLC
Transcribing agency DLC
Modifying agency DLC
042 ## - AUTHENTICATION CODE
Authentication code pcc
050 00 - LIBRARY OF CONGRESS CALL NUMBER
Classification number Q161.2
Item number .H482 2007
082 00 - DEWEY DECIMAL CLASSIFICATION NUMBER
Classification number 500.2
Edition number 22
100 1# - MAIN ENTRY--PERSONAL NAME
Personal name Hewitt, Paul G.
245 10 - TITLE STATEMENT
Title Conceptual physical science-- explorations /
Statement of responsibility, etc Paul G. Hewitt, John Suchocki, Leslie A. Hewitt ; with special editorial contributions from Suzanne Lyons.
250 ## - EDITION STATEMENT
Edition statement Media update.
260 ## - PUBLICATION, DISTRIBUTION, ETC. (IMPRINT)
Place of publication, distribution, etc San Francisco :
Name of publisher, distributor, etc Addison Wesley,
Date of publication, distribution, etc c2007.
300 ## - PHYSICAL DESCRIPTION
Extent xxiii, 790 p. :
Other physical details ill. (some col.) ;
Dimensions 29 cm. +
Accompanying material 1 CD-ROM (4 3/4 in.)
504 ## - BIBLIOGRAPHY, ETC. NOTE
Bibliography, etc Includes bibliographical references and index.
650 #0 - SUBJECT ADDED ENTRY--TOPICAL TERM
Topical term or geographic name as entry element Physical sciences.
700 1# - ADDED ENTRY--PERSONAL NAME
Personal name Suchocki, John.
Personal name Hewitt, Leslie A.
856 41 - ELECTRONIC LOCATION AND ACCESS
Materials specified Table of contents
Uniform Resource Identifier <a href="http://www.loc.gov/catdir/toc/ecip0518/2005025400.html">http://www.loc.gov/catdir/toc/ecip0518/2005025400.html</a>
906 ## - LOCAL DATA ELEMENT F, LDF (RLIN)
a 7
b cbc
c orignew
d 1
e ecip
f 20
g y-gencatlg
942 ## - ADDED ENTRY ELEMENTS (KOHA)
Source of classification or shelving scheme Library of Congress Classification
Koha item type Long Loan Books
Holdings
Withdrawn status Lost status Source of classification or shelving scheme Damaged status Not for loan Collection code Home library Current library Shelving location Date acquired Total Checkouts Full call number Barcode Date last seen Date checked out Price effective from Koha item type
    Library of Congress Classification     Non-fiction Rongo University Library Rongo University Library General Stacks 14/10/2015 2 Q161.2 .H482 2007 20154938 05/12/2016 04/12/2016 14/10/2015 Long Loan Books
    Library of Congress Classification     Non-fiction Rongo University Library Rongo University Library General Stacks 14/10/2015   Q161.2 .H482 2007 20154940 14/10/2015   14/10/2015 Long Loan Books
    Library of Congress Classification     Non-fiction Rongo University Library Rongo University Library General Stacks 14/10/2015 1 Q161.2 .H482 2007 20154942 28/11/2016 14/11/2016 14/10/2015 Long Loan Books
    Library of Congress Classification     Non-fiction Rongo University Library Rongo University Library General Stacks 14/10/2015 3 Q161.2 .H482 2007 20154941 23/09/2019 06/09/2019 14/10/2015 Long Loan Books
    Library of Congress Classification     Non-fiction Rongo University Library Rongo University Library Fiction 05/08/2016 1 Q161.2 .H482 2007 201615393 29/11/2016 15/11/2016 05/08/2016 Long Loan Books
    Library of Congress Classification       Rongo University Library Rongo University Library   05/08/2016   Q161.2 .H482 2007 201615403 05/08/2016   05/08/2016 Long Loan Books
    Library of Congress Classification       Rongo University Library Rongo University Library General Stacks 08/02/2017   Q161.2 .H482 2007 201616919 08/02/2017   08/02/2017 Long Loan Books
    Library of Congress Classification     Non-fiction Rongo University Library Rongo University Library General Stacks 11/06/2020   Q161.2 .H482 2007 201901559 11/06/2020   11/06/2020 Long Loan Books
    Library of Congress Classification     Non-fiction Rongo University Library Rongo University Library General Stacks 15/06/2020   Q161.2 .H482 2007 201901945 15/06/2020   15/06/2020 Long Loan Books

© 2026 Rongo University
Contact us: librarian | system librarian | Rongo university